ARRUPE JESUIT UNIVERSITY

CORONAVIRUS -STOP THE SPREAD - CLEAN,DISINFECT,COVER

Corruption and progress; (Record no. 131937)

MARC details
000 -LEADER
fixed length control field 00613nam a22001697a 4500
008 - FIXED-LENGTH DATA ELEMENTS--GENERAL INFORMATION
fixed length control field 240604b |||||||| |||| 00| 0 eng d
020 ## - INTERNATIONAL STANDARD BOOK NUMBER
International Standard Book Number 0404635113.
050 ## - LIBRARY OF CONGRESS CALL NUMBER
Classification number HB835.J118 1989
100 ## - MAIN ENTRY--PERSONAL NAME
Personal name Jack Malcom
9 (RLIN) 52837
245 ## - TITLE STATEMENT
Title Corruption and progress;
Remainder of title the eighteeth-century debate,
Statement of responsibility, etc Malcom Jack.
260 ## - PUBLICATION, DISTRIBUTION, ETC. (IMPRINT)
Place of publication, distribution, etc New York:
Name of publisher, distributor, etc A M S Press;
Date of publication, distribution, etc 1989.
300 ## - PHYSICAL DESCRIPTION
Extent xii;
Other physical details 240p,
Dimensions 22cm.
600 ## - SUBJECT ADDED ENTRY--PERSONAL NAME
Personal name Mandeville, Bernard;
General subdivision views on wealth,
Chronological subdivision 1670-1733.
9 (RLIN) 52838
600 ## - SUBJECT ADDED ENTRY--PERSONAL NAME
Personal name Ferguson Adam;
General subdivision views on wealth,
Chronological subdivision 1723-1816.
9 (RLIN) 52839
650 ## - SUBJECT ADDED ENTRY--TOPICAL TERM
Topical term or geographic name as entry element Wealth,ethics of;
Form subdivision history,
Chronological subdivision 18th century.
9 (RLIN) 52840
942 ## - ADDED ENTRY ELEMENTS (KOHA)
Source of classification or shelving scheme Library of Congress Classification
Item type Monograph ( Printed materials)
Holdings
Withdrawn status Lost status Source of classification or shelving scheme Damaged status Not for loan Home library Current library Shelving location Date acquired Total Checkouts Full call number Barcode Date last seen Price effective from Koha item type
    Library of Congress Classification     ARRUPE LIBRARY ARRUPE LIBRARY Main Collection 04/06/2024   HB835.J118 1989 46700000428 04/06/2024 04/06/2024 Monograph ( Printed materials)

 

Arrupe Library. PO Box MP320 Mt Pleasant, Harare, Zimbabwe
263 242 745411|librarian@aju.ac.zw